1404 1163 1948 1054 1788 1769 1220 1589 1189 1770 1650 1983 1868 1769 1164 1168 1763 1811 1478 1816 1064 1195 1283 1947 1499 1648 1147 1641 1243 1776 1046 1977 1276 1519 1652 1019 1919 1000 2000 1675 1663 1647 1955 1826 1698 1606 1546 1553 1368 1576 1406 1736 1809 1527 1684 1306 1526 1157 1242 1679 1585 1684 1867 1953 1308 1255 1122 1039 1729 1740 1769 1760 2000 1776 1900 1182 1740 1615 1102 1841 1094 1125 1087 1147 1731 1228 1933 1796 1906 1174 1026 1289 1222 1371 1471 1736 1308 1782 1025 BCNSPRNW ULIB Ver.6.0+V

เปลี่ยนเป็นภาษาไทย

Change to English
 แสดงรายละเอียดบรรณานุกรม
  กลับหน้าหลัก

Brief Record : Get Marc (ISO 2709) : E-mail record : QR code < ปิดหน้าต่าง
LEADER : 00000nam 2200000uu 4500
001    13399114463
003     ULIB
008    111117s||||||||th 000 0 tha d
020    ^a9789748230764
060  4 ^aWY100^bอ275ก
100 0  อมร สุวรรณนิมิตร
245 00 การพยาบาลปฐมภูมิกับการสร้างพลังอำนาจชุมชน/^cอมร สุวรรณนิมิตร
250    ^aพิมพ์ครั้งที่ 1
260    ^aมหาสารคาม:^bคณะพยาบาลศาสตร์ มหาวิทยาลัยมหาสารคาม,^c2553
300    ^a400 หน้า
650  7 การพยาบาลปฐมภูมิ^xการสร้างพลังอำนาจชุมชน
710 1  มหาวิทยาลัยมหาสารคาม.^bคณะพยาบาลศาสตร์
945    ^p0^l0^i031587
995    ทศพร
999    ^aใช้งานได้ทุกระบบ
รายการนี้ยังไม่มีแท็ก
คุณยังไม่ได้ล็อกอิน คุณสามารถมีกิจกรรมร่วมกับเว็บไซต์ได้ แต่ต้องล็อกอินก่อน ::
  ล็อกอิน

รายการสื่อสารสนเทศ

ลำดับที่ ประเภท เลขเรียก/บาร์โค้ด สถานที่ สถานะ
1. วิทยาศาสตร์การแพทย์ และสุขภาพ
หนังสือสำรอง
สถานะ=หนังสือสำรอง
WY100 อ275ก ฉ.1 
  Barcode: 031587
ห้องสมุดวิทยาเขตสวรรค์ประชารักษ์
►ส่วนจัดเก็บหนังสือเก่า สปร
บนชั้น
  ขอยืม

รายการใกล้เคียง
    ผู้แต่ง [อมร สุวรรณนิมิตร]

BibComment


ยังไม่เคยถูกคอมเมนท์

คอมเมนท์ทรัพยากรรายการนี้
  คอมเมนท์: การพยาบาลปฐมภูมิก..


 Copyright 2026. Bcnsprnw @Library